000 00418nam a2200145Ia 4500
008 230917s9999||||xx |||||||||||||| ||und||
040 _e9063
_aMAIN
041 _aEnglish
082 _a362.60973 L955S
100 _aLowy, Louis
245 0 _aSocial policies and programs on aging: What is and what should be in the later years
260 _aMaddachusetts
_bLexigton Books
_c1980
300 _axv, 267 p.
942 _cBK
999 _c44438
_d44438